000 00367 a2200145 4500
005 20250625115718.0
020 _a9780471448105
082 _a519.5 MAN
100 _aMANN, P.S.
245 _aExel Manual Introductory Statistics
250 _a5th Ed.
260 _aNew York
_bJohn Wiley & Sons,Ltd,
_c2004.
300 _aiv,164p.:ill.;picture
_c25cm.
942 _2ddc
_cBKS
999 _c5038
_d5038